00581nam a2200169 a 450000100100000000500170001000800410002704000250006810000280009324500550012126000360017630000210021265000260023365000300025995201050028999900170039400003671320200930075905.0120126s1965 fr 000 j fre d aDO-SdBNPbspacBNPHU1 aCesbron, Gilbert96301810aUne sentinelle attend l'aurore /cGilbert Cesbron. aParis :bRobert Laffont,c1965. a251 p. ;c20 cm.24aNovela francesa9107524aLiteratura francesa91074 001050718MOaGRbGRcCTd2012-01-26iLF1l0o p36713-10r2020-06-25w2020-06-25y1ZNo se presta c36204d36204